00542nam a22002057a 450000500170000001000140001702000250003102000220005603500130007803700130009108200130010410000170011724500430013426000410017727000520021830000260027065000210029665000160031770000030033320100807155518.0 aENG-98952 c60.00a9788180161100 c60.00a8180161102 aEN-82484 bDBAD/PUB a651.3741 aDhanaraj, S. aSecretarial practice /cby S. Dhanaraj aCombatorebTeachers Pub. Housec2008 a531, Avinashi Road, PelamedubCombatoree641004 a92 p. c22 cm. (Pbk) aOffice practice  aSecrctaries